[Event "Mechanics' Winter TNM; G/2"]
[Site "San Francisco"]
[Date "2017.02.07"]
[Round "6.31"]
[White "James, Charles"]
[Black "Fallon, Kevin"]
[Result "1-0"]
[WhiteElo "1435"]
[BlackElo "800"]
[PlyCount "63"]
[EventDate "2017.??.??"]

1. d4 e6 2. c4 f5 3. Nf3 Nf6 4. g3 Be7 5. Bg2 O-O 6. O-O c6 7. Nc3 d5 8. b3
Nbd7 9. Bb2 Bd6 10. e3 Ne4 11. Nd2 Bb4 12. Rc1 Qa5 13. Ncxe4 fxe4 14. Rc2 Qxa2
15. Bc3 Qa5 16. Bb2 Qc7 17. f3 Nf6 18. fxe4 Bxd2 19. Qxd2 Nxe4 20. Rxf8+ Kxf8
21. Bxe4 dxe4 22. Ba3+ Kg8 23. Qg2 Bd7 24. Qxe4 Qa5 25. Bd6 Re8 26. Rf2 e5 27.
Qf3 h6 28. Qf7+ Kh7 29. Qxd7 Qe1+ 30. Kg2 Rg8 31. Qf5+ Kh8 32. Qxe5 1-0

[Event "Mechanics' Fall TNM; G/2 d5"]
[Site "San Francisco"]
[Date "2017.11.28"]
[Round "6.40"]
[White "James, Charles"]
[Black "Frank, Robert H"]
[Result "0-1"]
[WhiteElo "1401"]
[BlackElo "1293"]
[Annotator "Donaldson"]
[PlyCount "62"]
[EventDate "2017.??.??"]

1. d4 Nf6 2. c4 e6 3. Nc3 d5 4. cxd5 exd5 5. Bg5 c6 6. e3 Be7 7. Bd3 Bg4 8. Qc2
Nbd7 9. Nge2 h6 10. Bh4 O-O 11. f3 Be6 12. Nf4 g5 13. Nxe6 fxe6 14. Bg3 Rf7 15.
O-O-O c5 16. Nb5 cxd4 17. exd4 Rc8 18. Nc3 Nb6 19. Kb1 Nc4 20. Bxc4 Rxc4 21.
Qg6+ Rg7 22. Qxh6 Qe8 23. Qh3 Qg6+ 24. Ka1 g4 25. fxg4 Rh7 26. Bh4 Nxg4 27. Qd3
(27. g3 Nf2) 27... Qxd3 28. Rxd3 Bxh4 29. Rf3 Rf7 30. Rhf1 Rxf3 31. Rxf3 Rxd4
0-1

[Event "Mechanics' Fall TNM; G/2 d5"]
[Site "San Francisco"]
[Date "2017.12.12"]
[Round "8.41"]
[White "James, Charles"]
[Black "Hilliard, Michael"]
[Result "1-0"]
[WhiteElo "1401"]
[BlackElo "1493"]
[PlyCount "82"]
[EventDate "2017.??.??"]

1. d4 d5 2. c4 c6 3. Nf3 Nf6 4. Nc3 e6 5. Bg5 Nbd7 6. e3 Qb6 $6 (6... Qa5) 7.
Qc2 Bb4 8. Bd3 dxc4 9. Bxc4 Nd5 10. e4 Nxc3 11. bxc3 Ba5 12. Rb1 Qc7 13. e5 Nb6
14. Bd3 Nd5 15. Bd2 g6 16. O-O O-O 17. h4 c5 18. Rfc1 cxd4 19. cxd4 Qxc2 20.
Rxc2 Bxd2 21. Nxd2 b6 22. Nc4 Ba6 23. Be4 Bxc4 24. Rxc4 Rfd8 25. g3 Rab8 26. a4
a6 27. Bxd5 Rxd5 28. f4 b5 29. Rcb4 h5 30. Kf2 Kg7 31. Ke3 f5 32. Rc1 Rb6 33.
a5 Rb7 34. Rc6 Kf7 35. Rxa6 Rc7 36. Kd3 Rc1 37. Ke3 Re1+ 38. Kd2 Rg1 39. Ke3
Re1+ 40. Kf2 Ra1 41. Ra7+ Ke8 {
White is much better. Remaining moves unavailable.} 1-0

[Event "Mechanics' Winter TNM; G/2"]
[Site "San Francisco"]
[Date "2017.01.10"]
[Round "2.21"]
[White "James, Charles"]
[Black "Kondakov, Adrian"]
[Result "0-1"]
[WhiteElo "1435"]
[BlackElo "1962"]
[PlyCount "36"]
[EventDate "2017.??.??"]

1. d4 Nf6 2. c4 g6 3. Nc3 Bg7 4. e4 d6 5. Nf3 O-O 6. Be2 e5 7. dxe5 dxe5 8.
Qxd8 Rxd8 9. Nd5 Nxd5 10. cxd5 c6 11. Bc4 cxd5 12. Bxd5 Na6 13. Bd2 Nc5 14. O-O
Be6 15. Bc3 Bxd5 16. exd5 Rxd5 17. Rfe1 e4 18. Ng5 Bxc3 0-1

[Event "Mechanics' Summer TNM; G/2 d5"]
[Site "San Francisco"]
[Date "2017.06.27"]
[Round "6.26"]
[White "James, Charles"]
[Black "Newey, Richard"]
[Result "0-1"]
[WhiteElo "1417"]
[BlackElo "1745"]
[PlyCount "50"]
[EventDate "2017.??.??"]

1. d4 d5 2. c4 e6 3. Nc3 Nf6 4. cxd5 exd5 5. Bg5 Be7 6. e3 c6 7. Bd3 Nbd7 8.
Qc2 Nf8 9. Nge2 Ne6 10. Bxf6 Bxf6 11. O-O h6 12. Rae1 O-O 13. f4 Re8 14. Rf3
Bd7 15. Rd1 Rc8 16. e4 Nxd4 17. Nxd4 Bxd4+ 18. Kh1 Bg4 19. Rg3 Bxd1 20. Qxd1
Bxc3 21. bxc3 dxe4 22. Qg4 Qf6 23. Bxe4 {
(I suspect an incorrect scoresheet earlier...} Rcd8 24. Re3 Kf8 25. Qf3 Qe6 0-1

[Event "Mechanics' Spring TNM; G/2"]
[Site "San Francisco"]
[Date "2017.04.18"]
[Round "6.36"]
[White "James, Charles"]
[Black "Ricard, Bruce"]
[Result "0-1"]
[WhiteElo "1435"]
[BlackElo "1545"]
[PlyCount "48"]
[EventDate "2017.??.??"]

1. d4 Nf6 2. c4 g6 3. Nc3 Bg7 4. e4 d6 5. Nf3 O-O 6. Be2 Nbd7 7. O-O e5 8. dxe5
dxe5 9. b4 c6 10. h3 Qe7 11. c5 Rd8 12. Qb3 Nf8 13. Be3 Nh5 14. Rad1 Be6 15.
Bc4 Nf4 16. Bxf4 exf4 17. e5 Bxc4 18. Qxc4 Nd7 19. Rfe1 Nxe5 20. Nxe5 Rxd1 21.
Nxd1 Bxe5 22. Qxf4 Re8 23. Qe3 Qf6 24. f4 $4 (24. Kf1 $11) 24... Bd4 0-1

[Event "Mechanics' Peter Grey TNM; G/2 d5"]
[Site "San Francisco"]
[Date "2017.09.19"]
[Round "7.31"]
[White "James, Charles"]
[Black "Starr, Albert"]
[Result "1-0"]
[WhiteElo "1382"]
[BlackElo "1570"]
[PlyCount "97"]
[EventDate "2017.??.??"]

1. d4 f5 2. Nc3 d5 3. Bf4 c6 4. e3 e6 5. Nf3 Bd6 6. Ne5 Nf6 7. f3 O-O 8. h3 Qc7
9. Bd3 Nbd7 10. Nxd7 Bxd7 11. Bxd6 Qxd6 12. Ne2 Qb4+ 13. c3 Qxb2 14. Qc1 Qxc1+
15. Rxc1 b5 16. Kd2 a5 17. Rb1 Rab8 18. Rb2 b4 19. Rhb1 bxc3+ 20. Nxc3 Rxb2+
21. Rxb2 Rc8 22. Na4 Rc7 23. Nc5 Kf7 24. a4 Bc8 25. Rb8 Nd7 26. Rxc8 Rxc8 27.
Nxd7 Ke7 28. Ne5 c5 29. Bb5 c4 30. Kc3 g5 31. Nc6+ Kd6 32. Nxa5 Rc7 33. e4 fxe4
34. fxe4 e5 35. exd5 e4 36. Bc6 Rf7 37. Nxc4+ Kc7 38. a5 Rf2 39. Kb4 Rxg2 40.
Kc5 Rc2 41. d6+ Kd8 42. Bxe4 Rh2 43. a6 h5 44. a7 Ra2 45. a8=Q+ Rxa8 46. Bxa8
g4 47. hxg4 hxg4 48. Bg2 g3 49. Ne3 1-0

[Event "Mechanics' Winter TNM; G/2"]
[Site "San Francisco"]
[Date "2017.02.14"]
[Round "7.22"]
[White "James, Charles"]
[Black "Yamamoto, Craig"]
[Result "0-1"]
[WhiteElo "1435"]
[BlackElo "1500"]
[Annotator "James"]
[PlyCount "92"]
[EventDate "2017.??.??"]

1. d4 d5 2. c4 c6 3. Nf3 e6 4. cxd5 exd5 5. Bf4 Bd6 6. Bxd6 Qxd6 7. e3 Nf6 8.
Bd3 Nbd7 9. O-O O-O 10. Nbd2 Ng4 11. h3 Nh6 12. Qc2 g6 13. e4 Qf4 14. e5 Nxe5
15. dxe5 Bf5 16. Bxf5 Nxf5 17. Rfe1 f6 18. Qc3 fxe5 19. Rxe5 Nd6 20. Rae1 Nf5
21. Nb3 Rac8 22. Nc5 Qc4 23. Qxc4 dxc4 24. g4 Nd6 25. Nd4 b6 26. Nce6 Rf6 27.
Ng5 c5 28. Ne2 Re8 29. Rxe8+ Nxe8 30. Kf1 h6 31. Ne4 Rf7 32. N2c3 Kf8 33. Rd1
Re7 34. f3 Nc7 35. Nd6 a6 36. Nxc4 g5 37. Nxb6 Re6 38. Nd7+ Ke8 39. Nxc5 Rc6
40. N5e4 Kf7 41. Kf2 Ne6 42. Rd7+ Kg8 43. Nf6+ Kf8 44. Kg3 Nf4 45. Nce4 Rc2 46.
Ra7 $4 (46. Nh7+ Kg8 47. Nef6+ Kh8 48. Nxg5 Ne2+ 49. Kh4 hxg5+ 50. Kxg5 Rc5+
51. Kh6 Rh5+ 52. gxh5 $18) (46. Rd2) 46... Rg2# 0-1

[Event "Mechanics' Spring TNM; G/2"]
[Site "San Francisco"]
[Date "2017.04.04"]
[Round "4.19"]
[White "Jensen, Christian"]
[Black "Adams, Sophie"]
[Result "1-0"]
[WhiteElo "1853"]
[BlackElo "1319"]
[PlyCount "55"]
[EventDate "2017.??.??"]

1. c4 e5 2. g3 Nc6 3. Bg2 Nf6 4. Nc3 Bb4 5. e3 O-O 6. Nge2 Re8 7. O-O d6 8. h3
Be6 9. Nd5 Ba5 10. e4 Bxd5 11. cxd5 Ne7 12. d4 h6 13. dxe5 dxe5 14. Be3 Bb6 15.
Qb3 Qd6 16. Rfd1 Bxe3 17. Qxe3 a6 18. Rac1 Rac8 19. Rd3 Red8 20. Rdc3 Qb6 21.
Qxb6 cxb6 22. f4 Rxc3 23. Rxc3 Rc8 24. fxe5 Rxc3 25. exf6 Rc8 26. fxe7 f6 27.
d6 Kf7 28. e5 1-0

[Event "Mechanics' Peter Grey TNM; G/2 d5"]
[Site "San Francisco"]
[Date "2017.09.19"]
[Round "7.17"]
[White "Jensen, Christian"]
[Black "Bhattacharjee, Shi"]
[Result "1-0"]
[WhiteElo "1844"]
[BlackElo "1635"]
[PlyCount "41"]
[EventDate "2017.??.??"]

1. e4 c5 2. Nf3 Nc6 3. d4 cxd4 4. Nxd4 d6 5. Nc3 a6 6. Be3 Nf6 7. f3 e6 8. Bc4
Qc7 9. Bb3 Bd7 10. Qd2 O-O-O 11. Qf2 Nxd4 12. Bxd4 Re8 13. Bb6 Qb8 14. O-O-O
Be7 15. Qd4 Bc6 16. Ba4 Nd7 17. Bxc6 bxc6 18. Ba5 Ne5 19. f4 c5 20. Qa4 Nd7 21.
Qc6+ 1-0

[Event "Mechanics' Summer TNM; G/2 d5"]
[Site "San Francisco"]
[Date "2017.06.06"]
[Round "3.23"]
[White "Jensen, Christian"]
[Black "Erdenebileg, Erkhe"]
[Result "1-0"]
[WhiteElo "1856"]
[BlackElo "1499"]
[PlyCount "53"]
[EventDate "2017.??.??"]

1. c4 c5 2. g3 Nf6 3. Bg2 Nc6 4. Nc3 e6 5. Nf3 Be7 6. O-O O-O 7. d4 d5 8. cxd5
exd5 9. h3 h6 10. Be3 b6 11. Rc1 Bb7 12. Na4 cxd4 13. Nxd4 Nxd4 14. Bxd4 Qd7
15. Nc3 Ne4 16. Bxg7 Kxg7 17. Nxe4 Qe6 18. Qd4+ Bf6 19. Nxf6 Qxf6 20. Qxf6+
Kxf6 21. Rc7 Rab8 22. Rd1 Rfd8 23. Rd3 a5 24. Rf3+ Ke6 25. Rfxf7 Ba6 26. f4
Bxe2 27. Rce7+ 1-0

[Event "Mechanics' Fall TNM; G/2 d5"]
[Site "San Francisco"]
[Date "2017.11.07"]
[Round "3.24"]
[White "Jensen, Christian"]
[Black "Erickson, Lane"]
[Result "1/2-1/2"]
[WhiteElo "1839"]
[BlackElo "1547"]
[PlyCount "82"]
[EventDate "2017.??.??"]

1. e4 c5 2. Nf3 Nc6 3. d4 cxd4 4. Nxd4 g6 5. Nc3 Bg7 6. Be3 Nf6 7. Bc4 O-O 8.
Bb3 a5 9. O-O a4 10. Nxa4 Nxe4 11. Nb5 Ra6 12. f3 Nf6 13. Nc5 Ra8 14. c3 Na5
15. Bc2 Nc4 16. Bf2 Nxb2 17. Qe2 b6 18. Ne4 Na4 19. Qc4 Nc5 20. Nxc5 bxc5 21.
Bxc5 d6 22. Bf2 Be6 23. Qe2 Bxa2 24. Bxg6 hxg6 25. Rxa2 Rxa2 26. Qxa2 Qa8 27.
Qe2 Qc6 28. Nd4 Qc7 29. Nb5 Qd7 30. Ra1 Rb8 31. Nd4 e5 32. Nc2 Rb2 33. Qd3 Qb5
34. Qxb5 Rxb5 35. Nb4 e4 36. Ra6 Nd5 37. Nxd5 Rxd5 38. Bd4 Bxd4+ 39. cxd4 e3
40. Ra3 Rxd4 41. Rxe3 Rd2 1/2-1/2

[Event "Mechanics' Summer TNM; G/2 d5"]
[Site "San Francisco"]
[Date "2017.06.20"]
[Round "5.8"]
[White "Jensen, Christian"]
[Black "Wong, Russell"]
[Result "1/2-1/2"]
[WhiteElo "1856"]
[BlackElo "2200"]
[PlyCount "37"]
[EventDate "2017.??.??"]

1. e4 Nf6 2. e5 Nd5 3. c4 Nb6 4. d4 d6 5. f4 dxe5 6. fxe5 Nc6 7. Be3 Bf5 8. Nc3
e6 9. Nf3 Be7 10. Be2 f6 11. O-O O-O 12. a3 fxe5 13. dxe5 Bg4 14. b3 a6 15. h3
Bxf3 16. Bxf3 Nd7 17. Bxc6 bxc6 18. Qg4 Kh8 19. Qxe6 1/2-1/2

[Event "Mechanics' Spring TNM; G/2"]
[Site "San Francisco"]
[Date "2017.04.25"]
[Round "7.20"]
[White "Jensen, Christian"]
[Black "Yanofsky, Kevin"]
[Result "1/2-1/2"]
[WhiteElo "1853"]
[BlackElo "1642"]
[PlyCount "46"]
[EventDate "2017.??.??"]

1. e4 c5 2. Nf3 g6 3. d4 cxd4 4. Nxd4 Nc6 5. Nc3 Bg7 6. Be3 Nf6 7. Bc4 O-O 8.
Bb3 a5 9. O-O d6 10. Ndb5 b6 11. a4 Nd7 12. f4 Ba6 13. Qf3 Rc8 14. Rad1 Nb4 15.
Bd4 Bxd4+ 16. Rxd4 Qe8 17. Rfd1 Nc5 18. Nd5 Nxb3 19. cxb3 Bxb5 20. Nxb4 axb4
21. axb5 Qxb5 22. Qf2 Rc7 23. Qd2 Rfc8 1/2-1/2

[Event "Mechanics' Peter Grey TNM; G/2 d5"]
[Site "San Francisco"]
[Date "2017.08.15"]
[Round "2.22"]
[White "Jones, James E"]
[Black "Dupree, Charles"]
[Result "1-0"]
[WhiteElo "2000"]
[BlackElo "1605"]
[Annotator "Donaldson"]
[PlyCount "43"]
[EventDate "2017.??.??"]

1. e4 c5 2. Nf3 e6 3. d4 cxd4 4. c3 dxc3 5. Nxc3 a6 6. Bc4 Qc7 7. Bb3 Nc6 8.
O-O Nf6 9. Qe2 Ng4 10. g3 (10. h3 $4 Nd4 $1) 10... Be7 11. Bf4 Nge5 12. Nxe5
Nxe5 13. Rac1 Qa5 14. Rfd1 Ng6 15. Bd2 Qe5 16. f4 Qf6 17. Na4 d6 18. Nb6 Rb8
19. Nxc8 O-O 20. Nxe7+ Qxe7 21. Bb4 Rfd8 22. e5 1-0

[Event "Mechanics' Peter Grey TNM; G/2 d5"]
[Site "San Francisco"]
[Date "2017.09.05"]
[Round "5.8"]
[White "Jones, James E"]
[Black "Khristoforov, Sergey"]
[Result "1-0"]
[WhiteElo "2000"]
[BlackElo "1940"]
[PlyCount "71"]
[EventDate "2017.??.??"]

1. e4 c6 2. d4 d5 3. f3 g6 4. Be3 Bg7 5. Nd2 dxe4 6. Bc4 exf3 7. Ngxf3 Nf6 8.
O-O O-O 9. Ne5 Nd5 10. Bf2 Nd7 11. Ndf3 Nxe5 12. Nxe5 Be6 13. Qf3 Qc7 14. Rae1
Rad8 15. Bb3 Qc8 16. Bh4 f6 17. Nd3 Bf7 18. c4 Nb6 19. Rxe7 Bxc4 20. Nc5 Bxb3
21. Qxb3+ Rd5 22. Ne6 Rf7 23. Rxf7 Kxf7 24. Nxg7 Kxg7 25. Bxf6+ Kg8 26. Qe3 Qd7
27. b3 Nc8 28. Be5 Nd6 29. Qf4 Qe7 30. h4 Nf7 31. Bf6 Qd6 32. Qg4 Qd7 33. Re1
Rf5 34. Re7 Qc8 35. Qe2 Nd6 36. Rg7+ 1-0

[Event "Mechanics' Peter Grey TNM; G/2 d5"]
[Site "San Francisco"]
[Date "2017.09.19"]
[Round "7.9"]
[White "Jones, James E"]
[Black "Poling, Scott E"]
[Result "1-0"]
[WhiteElo "2000"]
[BlackElo "1837"]
[Annotator "Donaldson"]
[PlyCount "41"]
[EventDate "2017.??.??"]

1. e4 c5 2. Nf3 e6 3. d4 cxd4 4. c3 Nf6 5. e5 Nd5 6. cxd4 d6 7. a3 Be7 8. Bd3
Nc6 9. O-O h6 10. Re1 a6 11. Bd2 Qb6 12. Nc3 O-O 13. b4 Nxd4 14. Nxd5 exd5 $2 (
14... Nxf3+) 15. Nxd4 Qxd4 {Diagram [#]} 16. Bg5 $1 dxe5 (16... Qxa1 17. Qxa1
Bxg5) 17. Bxe7 Re8 18. Bc5 Qh4 19. Rc1 e4 20. Bb1 Bg4 21. Qxd5 1-0

[Event "Mechanics' Peter Grey TNM; G/2 d5"]
[Site "San Francisco"]
[Date "2017.10.03"]
[Round "9.7"]
[White "Jones, James E"]
[Black "Ricard, Bruce"]
[Result "1-0"]
[WhiteElo "2000"]
[BlackElo "1593"]
[PlyCount "55"]
[EventDate "2017.??.??"]

1. e4 c6 2. d4 d5 3. e5 Bf5 4. Bd3 Bxd3 5. Qxd3 e6 6. Nf3 Qa5+ 7. Nbd2 Qa6 8.
c4 Ne7 9. O-O dxc4 10. Nxc4 Nd5 11. b3 Be7 12. Bg5 O-O 13. Bxe7 Nxe7 14. Ng5
Ng6 15. h4 Rd8 16. h5 Nf8 17. Qf3 f5 18. exf6 Qb5 19. Ne5 Nbd7 20. fxg7 Nxe5
21. dxe5 Rd7 22. gxf8=Q+ Rxf8 23. Qg4 Rg7 24. Qxe6+ Kh8 25. f4 Qe2 26. h6 Rg6
27. Qe7 Kg8 28. Qxh7# 1-0

[Event "Mechanics' Spring TNM; G/2"]
[Site "San Francisco"]
[Date "2017.04.25"]
[Round "7.10"]
[White "Kanis, Sierk"]
[Black "Kim, Isaiah"]
[Result "1/2-1/2"]
[WhiteElo "1897"]
[BlackElo "2060"]
[PlyCount "78"]
[EventDate "2017.??.??"]

1. d4 Nf6 2. c4 e6 3. Nc3 Bb4 4. Qc2 O-O 5. a3 Bxc3+ 6. Qxc3 d5 7. Bg5 dxc4 8.
e3 b6 9. Bxc4 Bb7 10. Nf3 Nbd7 11. O-O Ne4 12. Bxd8 Nxc3 13. Bxc7 Rfc8 14. bxc3
Rxc7 15. Bb5 Kf8 16. Rfc1 Ke7 17. Kf1 Rac8 18. c4 Bd5 19. Nd2 Bb7 20. f3 Nb8
21. Ke1 Nc6 22. Nb3 a6 23. Bxc6 Bxc6 24. c5 Bd5 25. cxb6 Rxc1+ 26. Nxc1 Rc2 27.
Rb1 Bb7 28. Ne2 Kf6 29. e4 g5 30. g4 a5 31. Kd1 Ra2 32. Rb3 a4 33. Rc3 Rb2 34.
h3 Rxb6 35. Kc2 Ba6 36. Nc1 Bf1 37. Nd3 Bxh3 38. Nc5 Kg6 39. Nxa4 Rd6 {
and later drawn. Remaining moves unavailable.} 1/2-1/2

[Event "Mechanics' Winter TNM; G/2"]
[Site "San Francisco"]
[Date "2017.02.07"]
[Round "6.21"]
[White "Kanis, Sierk"]
[Black "Lesquillier, Walter"]
[Result "1/2-1/2"]
[WhiteElo "1948"]
[BlackElo "1693"]
[PlyCount "81"]
[EventDate "2017.??.??"]

1. e4 d5 2. exd5 Nf6 3. d4 Nxd5 4. Nf3 g6 5. Be2 Bg7 6. O-O Bg4 7. c4 Nb6 8.
Qb3 Nc6 9. c5 Be6 10. Qd3 Bc4 11. Qd1 Bxe2 12. Qxe2 Nd5 13. Rd1 O-O 14. Nc3 Qd7
15. Bg5 e6 16. Ne4 Rfe8 17. h4 h6 18. Be3 Rad8 19. Qd2 Kh7 20. h5 e5 21. dxe5
Nxe5 22. Nxe5 Rxe5 23. hxg6+ fxg6 24. Nc3 Rh5 25. Bd4 Nxc3 26. bxc3 Rd5 27. Qf4
Bxd4 28. Rxd4 Rxd4 29. cxd4 Qxd4 30. Qxd4 Rxd4 31. Rb1 b6 32. Re1 Rd7 33. cxb6
axb6 34. a4 Kg7 35. Re5 Rd1+ 36. Kh2 Kf7 37. Re3 Rd4 38. Rc3 c5 39. a5 bxa5 40.
Rxc5 a4 41. Ra5 {and White later drew. Remaining moves unavailable.} 1/2-1/2

[Event "Mechanics' Spring TNM; G/2"]
[Site "San Francisco"]
[Date "2017.04.04"]
[Round "4.22"]
[White "Kanis, Sierk"]
[Black "Liang, Ting"]
[Result "1-0"]
[WhiteElo "1897"]
[BlackElo "1484"]
[PlyCount "89"]
[EventDate "2017.??.??"]

1. e4 Nf6 2. Bc4 Nxe4 3. Nc3 d5 4. Nxd5 Be6 5. Qh5 c6 6. Ne3 Bxc4 7. Nxc4 Qd4
8. Qe2 b5 9. Na5 e6 10. Nf3 Qd5 11. a3 Bc5 12. O-O Bb6 13. b4 O-O 14. Bb2 Nd7
15. d3 Nef6 16. c4 Qh5 17. Nxc6 bxc4 18. dxc4 Kh8 19. Rfc1 Rfc8 20. Nce5 Nxe5
21. Qxe5 Qh6 22. Qg5 Qg6 23. Ne5 Qxg5 24. Nxf7+ Kg8 25. Nxg5 Ng4 26. c5 Bc7 27.
h3 Bh2+ 28. Kf1 Bf4 29. hxg4 Bxg5 30. Re1 Rc6 31. Re4 Rd8 32. f4 Bf6 33. Bxf6
gxf6 34. Rae1 Kf7 35. Kf2 a5 36. Ke3 f5 37. gxf5 exf5 38. Re5 Kg6 39. b5 Rc7
40. c6 Kf6 41. Rc1 Rd6 42. a4 h5 43. b6 Rcxc6 44. Rxc6 Rxc6 45. b7 1-0

[Event "Mechanics' Winter TNM; G/2"]
[Site "San Francisco"]
[Date "2017.02.07"]
[Round "6.32"]
[White "Karweit, Alex W"]
[Black "McKellar, Daniel"]
[Result "1/2-1/2"]
[WhiteElo "1422"]
[BlackElo "1770"]
[PlyCount "70"]
[EventDate "2017.??.??"]

1. e4 c5 2. Nf3 g6 3. d4 cxd4 4. Nxd4 Bg7 5. Be3 Nc6 6. Be2 Nf6 7. Nd2 O-O 8.
O-O d5 9. Nxc6 bxc6 10. e5 Nd7 11. f4 c5 12. c3 e6 13. Qa4 Nb6 14. Qc2 d4 15.
cxd4 cxd4 16. Bf2 f6 17. Nf3 fxe5 18. fxe5 Bb7 19. Rad1 Rc8 20. Qd2 Bxf3 21.
Bxf3 Bxe5 22. Bxd4 Nc4 23. Qc3 Bxd4+ 24. Rxd4 Qb6 25. Kh1 Qxb2 26. Qd3 Qxa2 27.
Re1 Rf6 28. Rd8+ Rxd8 29. Qxd8+ Kg7 30. Qe7+ Rf7 31. Qxe6 Qf2 32. h3 Rxf3 33.
gxf3 Qxf3+ 34. Kg1 Qg3+ 35. Kh1 Qf3+ 1/2-1/2

[Event "Mechanics' Winter TNM; G/2"]
[Site "San Francisco"]
[Date "2017.02.21"]
[Round "8.33"]
[White "Karweit, Alex W"]
[Black "Otterbach, Renate"]
[Result "1-0"]
[WhiteElo "1422"]
[BlackElo "1149"]
[Annotator "Donaldson"]
[PlyCount "51"]
[EventDate "2017.??.??"]

1. e4 e6 2. d4 d5 3. e5 c5 4. c3 Ne7 5. Nf3 Nec6 6. Be3 Nd7 7. Bd3 Qb6 8. Qc2
Be7 9. b3 f6 10. Bxh7 Nf8 11. Bg6+ Kd8 12. O-O f5 13. Bf7 Kc7 14. Be8 Bd7 15.
Bxd7 Kxd7 16. Rd1 Re8 17. c4 g6 18. cxd5 exd5 19. dxc5 Qc7 20. Rxd5+ Kc8 21.
Qd2 Nxe5 22. Na3 a6 23. Nc4 Kb8 24. Rd7 $2 (24. Bf4) 24... Rd8 $2 (24... Nexd7
25. Bf4) (24... Nxf3+ 25. gxf3 Qxd7) 25. Rxc7 Rxd2 26. Rxe7 {
and White later won.} 1-0

[Event "Mechanics' Peter Grey TNM; G/2 d5"]
[Site "San Francisco"]
[Date "2017.08.15"]
[Round "2.13"]
[White "Khristoforov, Sergey"]
[Black "Abraham, Michael D"]
[Result "1-0"]
[WhiteElo "1940"]
[BlackElo "1535"]
[PlyCount "47"]
[EventDate "2017.??.??"]

1. d4 Nf6 2. c4 e6 3. Nc3 d5 4. Nf3 c5 5. Bg5 cxd4 6. Bxf6 Qxf6 7. Qxd4 Qxd4 8.
Nxd4 Bd6 9. cxd5 exd5 10. Ndb5 Be5 11. Nxd5 Na6 12. f4 Bb8 13. Rc1 Be6 14. e4
O-O 15. Ndc3 Nb4 16. Nd4 Nxa2 17. Nxa2 Bxa2 18. b3 Re8 19. Kf2 a5 20. Ra1 Bxb3
21. Nxb3 a4 22. Bb5 Rxe4 23. Nd2 Rb4 24. Rhb1 1-0

[Event "Mechanics' Peter Grey TNM; G/2 d5"]
[Site "San Francisco"]
[Date "2017.09.12"]
[Round "6.14"]
[White "Khristoforov, Sergey"]
[Black "Campers Jr, Willie"]
[Result "1-0"]
[WhiteElo "1940"]
[BlackElo "1651"]
[Annotator "Donaldson"]
[PlyCount "57"]
[EventDate "2017.??.??"]

1. d4 d5 2. c4 e6 3. Nc3 c6 4. Nf3 Nf6 5. e3 Bd6 6. Qc2 Nbd7 7. Bd3 e5 8. dxe5
Nxe5 9. Nxe5 Bxe5 10. cxd5 Nxd5 11. Nxd5 cxd5 12. O-O Bd7 13. Rd1 Rc8 14. Qb3
Bc6 15. Be2 Qd7 16. a4 O-O 17. Bf3 Rfd8 18. h3 Bb8 19. Bg4 Qd6 20. g3 Rc7 21.
e4 Re7 22. Bf4 Qc5 23. Bxb8 Rxb8 24. exd5 Bd7 25. d6 Bxg4 26. hxg4 Rd7 27. Rac1
Qe5 28. Qc3 Rbd8 $4 (28... Qxc3 29. Rxc3 Rbd8 30. Kg2 {
was better for White but converting it to a win would require a lot of work.})
29. Qxe5 1-0

[Event "Mechanics' Peter Grey TNM; G/2 d5"]
[Site "San Francisco"]
[Date "2017.08.29"]
[Round "4.13"]
[White "Khristoforov, Sergey"]
[Black "Crofts, Jacob"]
[Result "1-0"]
[WhiteElo "1940"]
[BlackElo "1692"]
[PlyCount "77"]
[EventDate "2017.??.??"]

1. d4 Nf6 2. c4 c5 3. d5 b5 4. cxb5 a6 5. b6 g6 6. Nc3 Qxb6 7. e4 d6 8. Be2
Nbd7 9. Nf3 Bg7 10. Nd2 O-O 11. Nc4 Qc7 12. a4 Nb6 13. Na3 Bb7 14. a5 Nbd7 15.
Nc4 Ne8 16. O-O f5 17. f3 f4 18. Na4 Ne5 19. Nab6 Rd8 20. Bd2 g5 21. Bc3 Nxc4
22. Bxc4 Bxc3 23. bxc3 Nf6 24. e5 Nd7 25. Nxd7 Qxd7 26. e6 Qc7 27. Qd3 Kg7 28.
Rfb1 Rb8 29. Bb3 Rf6 30. Bc2 Rh8 31. c4 Bc8 32. Rb6 Qd8 33. Ba4 Qf8 34. Rb8 Rf5
35. Bd7 Qf6 36. Rab1 Bxd7 37. exd7 e6 38. Rxh8 Kxh8 39. Rb8+ 1-0

[Event "Mechanics' Spring TNM; G/2"]
[Site "San Francisco"]
[Date "2017.03.14"]
[Round "1.19"]
[White "Khristoforov, Sergey"]
[Black "Hilliard, Michael"]
[Result "1-0"]
[WhiteElo "1934"]
[BlackElo "1465"]
[Annotator "Donaldson"]
[PlyCount "69"]
[EventDate "2017.??.??"]

1. d4 d5 2. c4 c6 3. Nf3 Nf6 4. Nc3 e6 5. e3 Bd6 6. Bd3 Nbd7 7. O-O O-O 8. b3
Re8 9. e4 e5 10. cxd5 cxd5 11. dxe5 Nxe5 12. exd5 Qc7 13. Nb5 Qb8 14. Nxd6 Qxd6
15. Nxe5 Qxe5 16. Ba3 Qxd5 17. Bc4 Qxd1 18. Raxd1 Be6 19. Bb5 Rec8 20. Rc1 a6
21. Be2 Bd5 22. Bb2 Re8 23. Rfe1 Re6 24. f3 Rae8 25. Kf2 b5 26. Bxf6 gxf6 27.
Bd3 h6 28. Bf5 Re5 29. Bd3 Kf8 30. Re2 Ke7 31. Rce1 Kd6 32. Rd1 Rxe2+ 33. Bxe2
Rc8 34. Bd3 Rc3 $4 (34... Ke5 $11) 35. Be4 1-0

[Event "Mechanics' Peter Grey TNM; G/2 d5"]
[Site "San Francisco"]
[Date "2017.09.26"]
[Round "8.6"]
[White "Khristoforov, Sergey"]
[Black "Snyder, Larry"]
[Result "0-1"]
[WhiteElo "1940"]
[BlackElo "2074"]
[PlyCount "108"]
[EventDate "2017.??.??"]

1. d4 Nf6 2. c4 g6 3. Nc3 d5 4. cxd5 Nxd5 5. e4 Nxc3 6. bxc3 Bg7 7. Bc4 c5 8.
Ne2 Nc6 9. Be3 O-O 10. O-O Qc7 11. Rc1 Rd8 12. Bf4 Qd7 13. Bb5 a6 14. Qa4 e5
15. Bg5 f6 16. Be3 Qe7 17. Bc4+ Kh8 18. d5 Na7 19. Qa5 Bf8 20. d6 Qxd6 21. Bxc5
Nc6 22. Bxd6 Nxa5 23. Bc7 Nxc4 24. Bxd8 Kg7 25. Rfd1 Bg4 26. Kf1 Be6 27. a4 Nb2
28. Rd2 Nxa4 29. Ba5 Nc5 30. Rb1 b5 31. Rd8 Rxd8 32. Bxd8 Nxe4 33. Ra1 Nc5 34.
Bb6 Na4 35. Ba5 Be7 36. Ke1 f5 37. Bb4 Bd8 38. Bd6 Kf6 39. f4 exf4 40. Bxf4 g5
41. Be3 Bc7 42. g3 Bc4 43. Bd2 a5 44. Nd4 Nc5 45. Nf3 h6 46. Be3 Nb3 47. Bd4+
Ke6 48. Rd1 a4 49. Bg7 a3 50. Nd4+ Nxd4 51. Bxd4 a2 52. Bc5 f4 53. gxf4 Bd3 54.
Bb4 Bb1 0-1

[Event "Mechanics' Summer TNM; G/2 d5"]
[Site "San Francisco"]
[Date "2017.07.11"]
[Round "7.46"]
[White "Kim, Caden"]
[Black "Bayaraa, Timothy"]
[Result "1/2-1/2"]
[WhiteElo "1314"]
[BlackElo "687"]
[PlyCount "52"]
[EventDate "2017.??.??"]

1. e4 e5 2. Nf3 Nc6 3. d4 exd4 4. Nxd4 Qf6 5. Nxc6 Qxc6 6. Nc3 Bb4 7. Bd2 Bxc3
8. Bxc3 Qxe4+ 9. Qe2 Qxe2+ 10. Bxe2 Nf6 11. O-O d5 12. Rad1 Bf5 13. Rfe1 O-O-O
14. Bd3 Bxd3 15. Rxd3 Rhe8 16. Rxe8 Rxe8 17. Kf1 c5 18. Bxf6 gxf6 19. Rxd5 b6
20. Rf5 Re6 21. Rh5 Rd6 22. Ke2 Re6+ 23. Kd2 Rd6+ 24. Kc1 Re6 25. Kd2 Rd6+ 26.
Ke2 Re6+ 1/2-1/2